UFC - Jon Jones' PPV Opponents - Statistics

General Stats
  • This quiz has been taken 535 times
  • The average score is 11 of 16
Answer Stats
Date Event Location Division Opponent % Correct
January 3, 2015 UFC 182 Las Vegas, Nevada, USA Light Heavyweight Daniel Cormier
98%
July 29, 2017 UFC 214 Anaheim, California, USA Light Heavyweight Daniel Cormier
98%
September 21, 2013 UFC 165 Toronto, Ontario, Canada Light Heavyweight Alexander Gustafsson
83%
December 29, 2018 UFC 232 Inglewood, California, USA Light Heavyweight Alexander Gustafsson
83%
December 10, 2011 UFC 140 Toronto, Ontario, Canada Light Heavyweight Lyoto Machida
81%
March 19, 2011 UFC 128 Newark, New Jersey, USA Light Heavyweight Maurício Rua
76%
September 24, 2011 UFC 135 Denver, Colorado, USA Light Heavyweight Quinton Jackson
74%
March 2, 2019 UFC 235 Las Vegas, Nevada, USA Light Heavyweight Anthony Smith
67%
April 21, 2012 UFC 145 Atlanta, Georgia, USA Light Heavyweight Rashad Evans
63%
April 27, 2013 UFC 159 Newark, New Jersey, USA Light Heavyweight Chael Sonnen
62%
July 6, 2019 UFC 239 Las Vegas, Nevada, USA Light Heavyweight Thiago Santos
61%
September 22, 2012 UFC 152 Toronto, Ontario, Canada Light Heavyweight Vitor Belfort
51%
April 26, 2014 UFC 172 Baltimore, Maryland, USA Light Heavyweight Glover Teixeira
50%
April 23, 2016 UFC 197 Las Vegas, Nevada, USA Light Heavyweight Ovince Saint Preux
49%
February 5, 2011 UFC 126 Las Vegas, Nevada, USA Light Heavyweight Ryan Bader
31%
January 31, 2009 UFC 94 Las Vegas, Nevada, USA Light Heavyweight Stephan Bonnar
26%
No matching quizzes found
Score Distribution
Percent of People with Each Score
Percentile by Number Answered
Your Score History
You have not taken this quiz